000 00633nam a22001937a 4500
003 OSt
005 20260202023023.0
008 260202b |||||||| |||| 00| 0 eng d
020 _a 978-621-9509-63-3
040 _aDWC-Main 2020 edition lib
_cOC
082 _2 2020 edition
_aFil. 657.044 M645i 2020
100 _aMillan, Zeus Vernon B.
245 _aIntermediate Accounting 3/
_cZeus Vernon B. Millan
250 _a 2020 edition
260 _aBaguio City, Philippines :
_bBandolin Enterprise ,
_cc2020.
300 _axvi, 690 pages :
_billustrations ;
_c22cm.
650 _a1. Accounting
942 _2ddc
_cBK - FIL
_kFil.
_n0
999 _c8097
_d8097